000 00337nam a2200157Ia 4500
001 19318
003 GE_BSU
008 181216s||||||||xx |||||||||||||| ||und||
040 _cGE_BSU
245 _aLe Point №2288. 14 juillet.2016.
260 _aParis
260 _c2016
300 _a107p;ill;30cm
653 _aLe Point
942 _cCR
999 _c52302
_d52302